[Event "Veyangoda Queenstar op"]
[Site "Veyangoda"]
[Date "2023.04.19"]
[Round "7"]
[White "Saranya, Y."]
[Black "Rathnayaka, Minaga Yethmin"]
[Result "1-0"]
[WhiteElo "1932"]
[BlackElo "1395"]
[PlyCount "39"]
[EventDate "2023.04.16"]
[EventType "swiss"]
[EventRounds "9"]
[EventCountry "SRI"]
[SourceTitle "EXT 2024"]
[Source "ChessBase"]
[SourceDate "2023.10.10"]
[SourceVersion "1"]
[SourceVersionDate "2023.10.10"]
[SourceQuality "1"]

1. e4 c6 2. Nc3 d5 3. Nf3 Bg4 4. h3 Bh5 5. d4 dxe4 6. Nxe4 Bg6 7. Ng3 Nd7 8. Nh4 e6 9. Nxg6 hxg6 10. Bc4 Ngf6 11. Bb3 Bd6 12. Qf3 Qc7 13. Be3 0-0 14. h4 e5 15. 0-0-0 Rac8 16. h5 e4 17. Nxe4 gxh5 18. Rxh5 Nd5 19. Rdh1 f5 20. Ng5 1-0